| 000 | 00513nam a2200181Ia 4500 | ||
|---|---|---|---|
| 001 | 18291 | ||
| 005 | 20260306171620.0 | ||
| 008 | 260306s9999||||xx |||||||||||||| ||und|| | ||
| 041 | _aESP | ||
| 082 |
_a658.402 _bO83 |
||
| 100 |
_aOstroff, Frank _eAUT |
||
| 245 | 0 |
_aLa organización horizontal: _bLa forma que transformará radicalmente el desempeño de las organizaciones del siglo XXI |
|
| 260 | _c1999 | ||
| 300 |
_a256 páginas : _c24 cm. |
||
| 650 | _aGEN | ||
| 654 | _aCAN | ||
| 942 |
_cLIB _dJUS _fJUS _2ddc _n |
||
| 999 |
_c18291 _d18291 |
||